10 Largest Countries by Colours in Their Flags - Statistics

General Stats
  • This quiz has been taken 4,453 times
  • The average score is 20 of 29
Answer Stats
Answer % Correct
China
96%
Russia
96%
United States
96%
Canada
92%
Brazil
91%
Australia
88%
India
87%
Argentina
83%
Mexico
82%
Kazakhstan
77%
Algeria
76%
South Africa
76%
Saudi Arabia
75%
D.R.Congo
73%
Indonesia
73%
Iran
70%
Mongolia
69%
Egypt
68%
Libya
67%
Sudan
66%
Niger
65%
Chad
60%
Mali
54%
Angola
52%
Afghanistan
45%
Tanzania
43%
Mozambique
39%
South Sudan
34%
Zambia
31%
No matching quizzes found
Score Distribution
Percent of People with Each Score
Percentile by Number Answered
Your Score History
You have not taken this quiz